| 000 | 00939nas a2200289 4500 | ||
|---|---|---|---|
| 001 | BR2013007584 | ||
| 003 | BR-BrBNA | ||
| 005 | 20231205122948.0 | ||
| 007 | ta | ||
| 008 | 230509b bl.|||p| |||| 00| 00por d | ||
| 040 |
_aBR-BrBNA _bpor _cBiblioteca Nacional de Agricultura |
||
| 041 | _a(Pt) | ||
| 072 | _aL74; L73 | ||
| 100 | 1 | _aMarchan, P.R.A.C. | |
| 100 | 1 | _aGarcia, E.F.V. | |
| 100 | 1 | _aPinto Filho, S.T.L. | |
| 100 | 1 | _aDalmolin, F. | |
| 100 | 1 | _aPippi, N.L. | |
| 245 | 1 | _aAnoftalmia bilateral em um cão sem alterações congênitas associadas - relato de caso | |
| 650 | _aDISTÚRBIO FISIOLÓGICO | ||
| 650 | _aOLHO | ||
| 650 | _aVETERINÁRIA | ||
| 650 | _aCÃO | ||
| 773 | 0 |
_tMedvep. Revista Científica de Medicina Veterinária. Pequenos Animais e Animais de Estimação (Brazil) _xISSN 1678-1430 _g(2012), v. 10(35) p. 42-45 _wBR2013007584 |
|
| 909 |
_a202311 _bLúcia _c55 _dLúcia Elande |
||
| 942 |
_2AGRIS _n0 _cANA |
||
| 999 |
_c231482 _d231482 |
||